000 00720naa a2200229 i 4500
001 13289
003 ES-MaBCM
005 20241016091739.0
008 910227s1990 fra 000 0 fre d
021 _axx
035 _a(OCoLC)1365250731
040 _cES-MaBCM
041 0 _afre
043 _afra
245 0 0 _aURSS, le dépérissement de l'État
520 _aDeterioro del Estado soviético. El ejército. Los grupos religiosos. ¿Puede occidente sostener la Perestroika?
650 2 7 _aCambio de régimen político
_957801
651 2 0 _aURSS
_9117135
650 2 7 _aSituación política
_960283
773 0 _aEn:
_tPolitique étrangère
_dParis : 1990
_w104624
_gnº 4, invierno ; p. 799-841
942 _cAREV
999 _c13289
_d13289